书目信息 |
| 题名: |
中国自然灾害时空格局
|
|
| 作者: | 王静爱 , 史培军 , 王平 著 | |
| 分册: | ||
| 出版信息: | 北京 科学出版社 2006 |
|
| 页数: | 12,289页 | |
| 开本: | 26cm | |
| 丛书名: | ||
| 单 册: | ||
| 中图分类: | X432 | |
| 科图分类: | ||
| 主题词: | 自然灾害--研究--中国 | |
| 电子资源: | ||
| ISBN: | 7-03-018105-0 | |
| 000 | 01389nam0 2200301 45 | |
| 001 | 012004098618 | |
| 005 | 20070805151107.95 | |
| 009 | 012004098618 | |
| 010 | @a7-03-018105-0@dCNY65.00 | |
| 035 | @a(110019)012006131174 | |
| 100 | @a20061227d2006 em y0chiy0110 ea | |
| 101 | 0 | @achi@eeng |
| 102 | @aCN@b110000 | |
| 105 | @aab z 000yy | |
| 106 | @ar | |
| 200 | 1 | @a中国自然灾害时空格局@Azhong guo zi ran zai hai shi kong ge ju@f王静爱,史培军,王平著@Fwang jing ai, shi pei jun, wang ping zhu |
| 210 | @a北京@c科学出版社@d2006 | |
| 215 | @a12,289页@c图,地图@d26cm | |
| 312 | @a封面英文题名:Spatial-temporal pattern of natural disasters in China | |
| 330 | @a本书包括三篇内容。上篇为中国主要自然灾害时空格局,阐述了地震灾害、台风灾害、水灾、旱灾等突发性和渐发性地球物理灾害的空间分布、动态变化过程,及其对社会经济造成的影响;中篇为中国自然灾害系统时空格局,阐述了中国自然灾害系统的组成结构以及中国自然灾害系统的孕灾环境、致灾因子、动态变化过程及其主要减灾措施;下篇为中国自然灾害区划,介绍了中国自然灾害区划方案、中国城市自然灾害区划方案、中国自然灾害救助区划方案。 | |
| 510 | 1 | @aSpatial-temporal pattern of natural disasters in China@zeng |
| 606 | 0 | @a自然灾害@x研究@y中国 |
| 690 | @aX432@v4 | |
| 701 | 0 | @a王静爱@Awang jing ai@4著 |
| 701 | 0 | @a史培军@Ashi pei jun@4著 |
| 701 | 0 | @a王平@Awang ping@4著 |
| 801 | 0 | @aCN@b110019@c20070805 |
| 905 | @dX432@e70@f4 | |
| 中国自然灾害时空格局/王静爱,史培军,王平著.-北京:科学出版社,2006 |
| 12,289页:图,地图;26cm |
| ISBN 7-03-018105-0:CNY65.00 |
| 本书包括三篇内容。上篇为中国主要自然灾害时空格局,阐述了地震灾害、台风灾害、水灾、旱灾等突发性和渐发性地球物理灾害的空间分布、动态变化过程,及其对社会经济造成的影响;中篇为中国自然灾害系统时空格局,阐述了中国自然灾害系统的组成结构以及中国自然灾害系统的孕灾环境、致灾因子、动态变化过程及其主要减灾措施;下篇为中国自然灾害区划,介绍了中国自然灾害区划方案、中国城市自然灾害区划方案、中国自然灾害救助区划方案。 |
| ● |
| 相关链接 |
|
|
|
|
正题名:中国自然灾害时空格局
索取号:X432/70
 
预约/预借
| 序号 | 登录号 | 条形码 | 馆藏地/架位号 | 状态 | 备注 |
| 1 | 0851397 | 208513973 | 第二样本阅览室/ [索取号:X432/70] | 在馆 | |
| 2 | 0851398 | 208513982 | 第三借阅区/ [索取号:X432/70] | 在馆 | |
| 3 | 0851399 | 208513991 | 第三借阅区/ [索取号:X432/70] | 在馆 | |
| 4 | 0851400 | 208514008 | 第三借阅区/ [索取号:X432/70] | 在馆 |